Statistiques concernant Les 10 pays qui produisent le plus de voitures par an

Cliquez ici pour prendre le quiz!

Statistiques générales

  • Ce quiz a été pris 151 fois
  • Le résultat moyen est 8 sur 10

Statistiques - réponses

#Nombre de voituresPays% Correct
127 millionsChine
99%
64.11 millionsAllemagne
98%
210.6 millionsEtats-Unis
98%
101.38 millionsFrance
98%
39 millionsJapon
98%
45.85 millionsInde
77%
54.24 millionsCorée du Sud
74%
82.45 millionsEspagne
74%
92.32 millionsBrésil
71%
74 millionsMexique
58%

Distribution des résultats

Percentile par nombre de réponses

% des personnes avec chaque résultat

Votre développement - résultats

Vous n’avez pas pris ce quiz